Evénements du 23 avril - Statistiques

Statistiques générales
  • Ce quiz a été pris 31 fois
  • Le résultat moyen est 7 sur 15
Statistiques - réponses
Hint Réponse % Correct
Adoption de la loi sur le mariage homosexuel en France 2013
75%
Edouard III fonde l'ordre de la Jarretière 1348
71%
Naissance de l'humoriste Michel Leeb 1947
68%
Présentation de la Peugeot 204 1965
68%
Naissance d'Isabelle de Hainaut, future reine de France 1170
61%
Naissance du président américain James Buchanan 1791
54%
Plébiscite sur le rattachement de Nice et de la Savoie à la France 1860
54%
Naissance de l'actrice Shirley Temple 1928
54%
Thomas Pesquet décolle de Cap Canaveral 2021
46%
Naissance du compositeur Serguei Prokofiev 1891
36%
Création de la police nationale ET Naissance de la chanteuse Jacqueline Boyer 1941
36%
Naissance de Louis de Cambridge 2018
32%
Mort de Jules Barbey d'Aurevilly 1889
29%
Loi sur la journée de travail de 8 heures en France 1919
14%
Naissance de l'écrivain Maurice Druon 198
7%
Aucun quiz correspondant
Distribution des résultats
% des personnes avec chaque résultat
Percentile par nombre de réponses
Votre historique - résultats
Vous n’avez pas pris ce quiz